The politically incorrect guide to American history (Record no. 102416)
[ view plain ]
| 000 -LEADER | |
|---|---|
| fixed length control field | 01270nam a2200313 a 4500 |
| 082 04 - DEWEY DECIMAL CLASSIFICATION NUMBER | |
| Classification number | 973 |
| 100 1# - MAIN ENTRY--AUTHOR NAME | |
| Personal name | Woods, Thomas E. |
| 245 14 - TITLE STATEMENT | |
| Title | The politically incorrect guide to American history |
| 260 ## - PUBLICATION, DISTRIBUTION, ETC. (IMPRINT) | |
| Place of publication | Washington, D.C. : |
| Name of publisher | Regnery Pub. ; |
| Place of publication | Lanham, Md. : |
| Name of publisher | Distributed by National Book Network, |
| Year of publication | c2004. |
| 300 ## - PHYSICAL DESCRIPTION | |
| Number of Pages | xv, 270 p. : |
| Other physical details | ill. |
| 650 #0 - SUBJECT ADDED ENTRY--TOPICAL TERM | |
| Topical Term | Political correctness |
| 856 40 - ELECTRONIC LOCATION AND ACCESS | |
| Uniform Resource Identifier | http://site.ebrary.com/lib/rucke/Doc?id=10381242 |
No items available.
